00794cam a2200229 a 450000100100000000500170001000800410002702000150006804000180008308200180010110000400011924500470015926000320020630000210023849000340025965000280029365000310032183000420035291000340039495201210042899900150054900000803920200929154415.0910219s1990 sp 001 0 spa  a8420480770 aDO-SdBNPcDLC a863.64bC387i1 aCebrián, Juan Luis,d1945-91503613aLa isla del viento /cJuan Luis Cebrián. aMadrid :bAlfaguara,c1990. a220 p. ;c22 cm.1 aAlfaguara Hispánicavno. 74 4aNovela española91123 4aLiteratura española9632 0aAlfaguara Hispánica ;vno. 7494764 aCatalogación por copia / LC 001052708MOaGRbGRcCTd2009-09-14iLF1l0o863.64 C387ip8039-10r2020-06-25w2020-06-25y2ZPréstamo interno c7816d7816